000 00321nam a22001337a 4500
082 _a822
_bSHA/S
100 _aSHAKESPEARE,WILLIAM
245 _aSELECTED STORIES OF WILLIAM SHAKESPEARE
250 _a2003
260 _aNEW DELHI
_bSHRIJEE'S BOOOK INTERNATIONAL
300 _a776
650 _aPLAY
_zNEW DELHI
942 _cBK
999 _c3573
_d3573